| 000 | 00742cam a2200265 i 4500 | ||
|---|---|---|---|
| 005 | 20260322212054.0 | ||
| 008 | data | ||
| 010 | _a 78014977 | ||
| 020 | _a0688033865 | ||
| 020 | _a9780688033866 | ||
| 040 |
_aDLC _cDLC _dDLC |
||
| 043 | _an-us--- | ||
| 050 | 0 | 0 |
_aPN2287.C67 _bC7 1978 |
| 082 | 0 | 0 |
_aB _aB |
| 100 | 1 |
_aCrawford, Christina, _d1939- |
|
| 245 | 1 | 0 |
_aMommie dearest / _cChristina Crawford. |
| 250 | _a1st ed. | ||
| 260 |
_aNew York : _bW. Morrow, _c1978. |
||
| 300 |
_a286 p. : _bill. ; _c24 cm. |
||
| 600 | 1 | 0 |
_aCrawford, Joan, _d1908-1977. |
| 600 | 1 | 0 |
_aCrawford, Christina, _d1939- |
| 650 | 0 |
_aMotion picture actors and actresses _zUnited States _xBiography. |
|
| 650 | 0 |
_aDaughters _zUnited States _xBiography. |
|
| 001 | data | ||
| 999 |
_c1278 _d1278 |
||